000 00896nam a2200241 a 4500
001 BRCA_3363
005 20190320204238.0
008 831213s2006 sp-a---###---#000-0#spa-#
041 _aspa
044 _asp
050 4 _aNK1510
_b.M49 2006
100 1 _aMeyer, Franz Sales
_d1849-?
_98859
245 1 0 _aManual de ornamentación
_bordenado sistemáticamente para uso de dibujantes, arquitectos, escuelas de artes y oficios y para los amantes del arte
_cFranz Sales Meyer.
250 _a5
260 _aBarcelona
_bGustavo Gili
_c2006
300 _a789 p.
_bil.
_c22 cm.
500 _aIncluye vocabulario de voces técnicas, índice alfabético, índice de láminas y grabados e índice de orlas y viñetas
500 _aVersión de la 11a edición alemana por E. de E.
650 1 4 _aDecoración y ornamentación
_93592
650 1 4 _aObjetos de arte
_98860
902 _aREF
942 _2lcc
_cB
999 _c3099
_d3099